00655nam a22001937a 450000500170000002000260001703700190004308200170006210000240007924500550010326000320015827000570019030000280024752000730027560000250034865000400037394200310041399900170044420110404154343.0 a9788191067316c350.00 aDPLbAmaryllis04a791.430280921 aSeth, Sushma92703210aStageplay;bthe journey of an actor /cSushma Seth aNew Delhi bAmaryllisc2010 aJ-39, Ground Floor, Jor Bagh LanebNew Delhie110003 axi, 146 p.billc23 cm. aMemoirs of the author, an Indian film, television and stage actress.10aSeth, Sushma.927033 0aActresseszIndiavBiography.927034 2ddccENh791.43028092mSET c51415d51415